[Event "FRA-chT2 1011"]
[Site "France"]
[Date "2010.11.14"]
[Round "3.1"]
[White "Gantner, Ludovic"]
[Black "Vareille, Francois"]
[Result "0-1"]
[WhiteElo "2198"]
[BlackElo "2381"]
[PlyCount "60"]
[EventDate "2010.10.17"]
[EventType "team-tourn"]
[EventRounds "11"]
[EventCountry "FRA"]
[SourceTitle "EXT 2012"]
[Source "ChessBase"]
[SourceDate "2011.11.24"]
[SourceVersion "1"]
[SourceVersionDate "2011.11.24"]
[SourceQuality "1"]

1. d4 Nf6 2. c4 Nc6 3. Nc3 e5 4. d5 Ne7 5. e4 Ng6 6. Be3 Bb4 7. Bd3 Bxc3+ 8. bxc3 d6 9. Ne2 Ng4 10. Bc1 Qh4 11. Ng3 Nf4 12. Kf1 0-0 13. Be2 f5 14. Bxg4 fxg4 15. Be3 b6 16. Ne2 Nxe2 17. Kxe2 a5 18. Kd3 Qh5 19. h3 Qg6 20. hxg4 Bxg4 21. f3 Bc8 22. Rh2 Ba6 23. Qa4 c6 24. Qxc6 Rfc8 25. Qxb6 Bxc4+ 26. Kc2 Bxd5 27. Rd1 Rc6 28. Qb5 Bxe4+ 29. fxe4 Qxe4+ 30. Qd3 Rxc3+ 0-1

[Event "Malakoff op 09th"]
[Site "Malakoff"]
[Date "2009.04.14"]
[Round "5"]
[White "Nguyen, Chi Minh"]
[Black "Gantner, Ludovic"]
[Result "1-0"]
[WhiteElo "2439"]
[BlackElo "2129"]
[PlyCount "81"]
[EventDate "2009.04.11"]
[EventType "swiss"]
[EventRounds "9"]
[EventCountry "FRA"]
[SourceTitle "EXT 2010"]
[Source "ChessBase"]
[SourceDate "2010.11.25"]
[SourceVersion "1"]
[SourceVersionDate "2010.11.25"]
[SourceQuality "1"]

1. d4 Nf6 2. c4 g6 3. Nc3 Bg7 4. Nf3 0-0 5. Bg5 d6 6. e3 c5 7. d5 h6 8. Bh4 Qb6 9. Rb1 e6 10. Nd2 e5 11. f3 Nh7 12. Bd3 f5 13. Bf2 Qd8 14. a3 Bf6 15. Qe2 Nd7 16. Bc2 Rf7 17. g4 Bh4 18. gxf5 gxf5 19. Rg1+ Kh8 20. Kd1 Nhf8 21. Bxh4 Qxh4 22. Nb5 Rf6 23. Nc7 Rb8 24. Ne8 Ng6 25. Qg2 Ndf8 26. Qg3 Qxg3 27. hxg3 Rf7 28. Nxd6 Rf6 29. Nxc8 Rxc8 30. Rh1 Kg7 31. Rh5 Ne7 32. Ke2 Nd7 33. Rg1 Rcf8 34. g4 fxg4 35. Rxg4+ Kf7 36. Ne4 Rb6 37. b3 Rg8 38. Rxg8 Nxg8 39. Nf2 a5 40. a4 Ngf6 41. Rxh6 1-0

[Event "FRA-ch blitz"]
[Site "Paris"]
[Date "2009.01.25"]
[Round "1"]
[White "David, Alberto"]
[Black "Gantner, Ludovic"]
[Result "1-0"]
[WhiteElo "2605"]
[BlackElo "2093"]
[PlyCount "61"]
[EventDate "2009.01.25"]
[EventType "swiss (blitz)"]
[EventRounds "13"]
[EventCountry "FRA"]
[SourceTitle "EXT 2011"]
[Source "ChessBase"]
[SourceDate "2010.11.26"]
[SourceVersion "1"]
[SourceVersionDate "2010.11.26"]
[SourceQuality "1"]

1. e4 e5 2. Nf3 Nc6 3. Bb5 a6 4. Ba4 Nf6 5. 0-0 Be7 6. Re1 b5 7. Bb3 d6 8. c3 0-0 9. h3 Na5 10. Bc2 c5 11. d4 Nd7 12. d5 Nb6 13. Kh1 f5 14. Nbd2 c4 15. exf5 Bxf5 16. Ne4 Qc7 17. Be3 Qb7 18. b4 cxb3 19. axb3 Nxb3 20. Nxd6 Bxd6 21. Bxb3 Nc4 22. Bg5 h6 23. Bh4 Qf7 24. Bxc4 e4 25. Ba2 exf3 26. Qxf3 Rac8 27. Be7 Bxe7 28. d6 Be6 29. Bxe6 Qxe6 30. Rxe6 Rxf3 31. dxe7 1-0